000 00282nam a2200109Ia 4500
008 200302s9999 xx 000 0 und d
100 _aMarc Wortman
245 _aPublic Transportation Leading the Way
260 _bVisual Reference Publications Inc.,
260 _c2008
300 _a205
999 _c5275
_d5275